|
|
|
|
| LEADER |
00000cam a2200000 7i4500 |
| 001 |
0000080113 |
| 005 |
20130320093000.0 |
| 008 |
120709s2011 miu eng |
| 020 |
|
|
|a 0737752610 (hardcover)
|
| 020 |
|
|
|a 9780737752618 (hardcover)
|
| 050 |
0 |
0 |
|a DS79.723
|b .P48 2011
|
| 090 |
0 |
0 |
|a DS79.723
|b .P48 2011
|
| 245 |
0 |
4 |
|a The Persian Gulf War
|c Alexander Cruden, book editor
|
| 250 |
|
|
|a 1st ed
|
| 260 |
|
|
|a Farmington Hills, MI :
|b Greenhaven Press ,
|c c2011
|
| 300 |
|
|
|a 218 p. :
|b col. ill., col. maps ;
|c 24 cm.
|
| 490 |
1 |
|
|a Perspectives on modern world history
|
| 504 |
|
|
|a Includes bibliographical references and index
|
| 505 |
0 |
|
|a 1. Historical background on the Persian gulf war -- 2. Controversies surrounding the Persian gulf war -- 3. Personal narratives
|
| 650 |
|
0 |
|a Persian Gulf War, 1991
|v Juvenile literature
|
| 700 |
1 |
|
|a Cruden, Alex ,
|e author
|
| 999 |
|
|
|a 1000150936
|b Book
|c OPEN SHELF (30 DAYS)
|e Gong Badak Campus
|